000 00728cam a2200253 4500500
005 20260405003804.0
041 _afre
042 _adc
100 1 0 _aMoreau, Anne-Sophie
_eauthor
245 0 0 _a"Comment peut-on encore faire des enfants ?"
260 _c2023.
500 _a95
690 _aAnimal
690 _aAnne-Sophie Moreau
690 _aDémographie
690 _aDonna Haraway
690 _aÉco-anxiété
690 _aEnfant
690 _aHumanisme
690 _aNatalité
690 _aParenté
786 0 _nPhilosophie magazine | 174 | 11 | 2023-11-01 | p. 17-17 | 1951-1787
856 4 1 _uhttps://shs.cairn.info/magazine-philosophie-magazine-2023-11-page-17?lang=fr&redirect-ssocas=7080
999 _c2070840
_d2070840